[Event "Udaipur Holi Cup 6th"]
[Site "Udaipur"]
[Date "2024.03.31"]
[Round "2"]
[White "Rishen, Jilowa"]
[Black "Arpith, S Bijoy"]
[Result "0-1"]
[WhiteElo "1683"]
[BlackElo "2020"]
[PlyCount "114"]
[EventDate "2024.03.31"]
[EventType "swiss"]
[EventRounds "9"]
[EventCountry "IND"]
[SourceTitle "CB16_2024"]
[SourceDate "2024.04.17"]
[SourceVersion "1"]
[SourceVersionDate "2024.04.17"]
[SourceQuality "1"]

1. c4 Nf6 2. g3 e6 3. Bg2 Be7 4. Nc3 d5 5. d4 0-0 6. Nf3 c5 7. 0-0 Nc6 8. e3 dxc4 9. Ne5 cxd4 10. Nxc6 bxc6 11. Bxc6 Rb8 12. Qxd4 Qxd4 13. exd4 Bb7 14. Bxb7 Rxb7 15. Rb1 Bb4 16. Be3 Bxc3 17. bxc3 Rfb8 18. Ra1 Rb2 19. Rfc1 Nd5 20. Bf4 R8b6 21. Kf1 h6 22. Ke1 Kh7 23. Bd2 Ra6 24. a4 Nb6 25. a5 Nd5 26. Ra4 Rc6 27. Kd1 a6 28. Rc2 Rb5 29. Kc1 Kg6 30. g4 h5 31. h3 f5 32. f3 hxg4 33. hxg4 Rc8 34. Rb2 Rxb2 35. Kxb2 fxg4 36. fxg4 Nf6 37. Rb4 Ne4 38. Be3 Nf6 39. g5 Nd5 40. Rb6 Nxb6 41. axb6 Kf5 42. Ka3 Ke4 43. Bg1 Kd5 44. Kb4 Kc6 45. Ka5 g6 46. Bh2 Rh8 47. Bc7 Kb7 48. Kb4 Rf8 49. Kxc4 Rf5 50. Bd8 Rd5 51. Bf6 Kxb6 52. Kb4 Rb5+ 53. Ka4 Rb1 54. c4 Rc1 55. c5+ Kc6 56. Ka5 Re1 57. Be5 Rxe5 0-1